|
|
|
|
| LEADER |
00587 a2200169 4500 |
| 008 |
150103s9999 000 0 eng |
| 082 |
|
|
|a 891.22
|
| 100 |
|
|
|a Kalidasa
|
| 245 |
|
|
|a Kalidasa sakunthalam/
|
| 260 |
|
|
|a Kottayam:
|b National Book Stall,
|c c1981.
|
| 300 |
|
|
|a 132 p.
|
| 500 |
|
|
|a Translation into Malayalam
|
| 650 |
|
|
|a Sanskrit drama
|
| 700 |
|
|
|a Sanadhanan Pillai, R.
|
| 942 |
|
|
|c BK
|
| 999 |
|
|
|c 305664
|d 305664
|
| 952 |
|
|
|0 0
|1 0
|2 ddc
|4 0
|6 M_891_220000000000000_KAL_KA
|7 0
|9 350604
|a DRA
|b DRA
|c ST1
|d 2011-12-01
|g 14.00
|i 4328
|l 1
|o M 891.22 KAL/KA
|p DRA4328
|r 2017-08-31
|s 2017-08-10
|w 2011-12-01
|y BK
|